| 000 | 00485cam a2200181ua 4500 | ||
|---|---|---|---|
| 001 | 1479 | ||
| 008 | 110709n ii |||gr||||Z||||||eng | ||
| 040 | _cMAIN | ||
| 082 | _a341 | ||
| 100 | 1 |
_aAgarwal, H. O., _eAuthor. |
|
| 245 | 1 |
_aInternational law and human rights _cby H. O. Agarwal |
|
| 250 | _a11th. | ||
| 260 |
_aAlahabad: _bVetral Law Publication, _c2004. |
||
| 300 |
_a920p: _c23cm. |
||
| 653 | _aPolitical Science | ||
| 653 | _aInternational law and human rights | ||
| 942 | _cBK | ||
| 999 |
_c1368 _d1368 |
||